| 000 | 00586nam a2200193Ia 4500 | ||
|---|---|---|---|
| 003 | GCL | ||
| 008 | 140319s9999 xx 000 0 eng d | ||
| 040 |
_aGCL / _cGCL |
||
| 082 | 0 | 4 |
_a332.12068 _bS C |
| 100 | 1 | _aSINKEY, JESEPH F | |
| 245 | 1 | 0 |
_aCOMMERCIAL BANK FINANCAL MANAGEMENT IN THE FINANCIAL-SERVICES INDUSTRY 4TH ED / _cSINKEY, JESEPH F |
| 260 |
_a[S.N] : _bMACMILLAN PUBLBISHING COMPANY ، _c1992 |
||
| 300 | _a866 PP | ||
| 650 | 0 | 4 | _aBUSINESS |
| 650 | 0 | 4 | _aCOMMERCE |
| 650 | 0 | 4 | _aBANKS AND BANKING |
| 650 | 0 | 4 | _aFMS ( INFORMATION RETRIEVAL SYSTEMS ) |
| 942 |
_2ddc _cBK |
||
| 999 |
_c16661 _d16661 |
||